[Event "Barcelona Sant Marti op-B 23rd"]
[Site "Barcelona"]
[Date "2023.07.21"]
[Round "9"]
[White "Casali Mata, Kevin"]
[Black "Riera Mestres, Josep"]
[Result "1-0"]
[WhiteElo "1355"]
[BlackElo "1501"]
[PlyCount "99"]
[EventDate "2023.07.13"]
[EventType "swiss"]
[EventRounds "9"]
[EventCountry "ESP"]
[SourceTitle "CBM 215 Extra"]
[Source "ChessBase"]
[SourceDate "2023.09.30"]
[SourceVersion "1"]
[SourceVersionDate "2023.09.30"]
[SourceQuality "1"]

1. e4 c5 2. Nf3 Nc6 3. Bb5 a6 4. Bxc6 bxc6 5. d3 d6 6. Nc3 e5 7. h3 Nf6 8. 0-0 Be7 9. Nh2 0-0 10. f4 Nd7 11. f5 f6 12. Qg4 Kh8 13. Rf3 Rg8 14. Rg3 Nf8 15. h4 d5 16. h5 g5 17. Nf3 h6 18. Nh4 Bd7 19. Ng6+ Nxg6 20. hxg6 Rxg6 21. Qh5 Rg7 22. Qxh6+ Rh7 23. Bxg5 Rxh6 24. Bxh6 Bf8 25. Bxf8 Qxf8 26. Kf2 Qh6 27. Rh3 Qxh3 28. gxh3 Kg7 29. Rg1+ Kf7 30. Na4 c4 31. Nb6 Ra7 32. h4 cxd3 33. cxd3 dxe4 34. dxe4 Rb7 35. Nc4 Kf8 36. Kf3 Be8 37. b3 Bh5+ 38. Ke3 Rh7 39. Nb2 Bf7 40. Rh1 Ke7 41. Nd3 a5 42. h5 a4 43. bxa4 Bxa2 44. h6 Kd6 45. Nf2 Bc4 46. Ng4 Ke7 47. Rb1 Kd6 48. Rh1 Ke7 49. Rc1 Kd6 50. Rxc4 1-0

[Event "Barcelona Sant Marti op-B 23rd"]
[Site "Barcelona"]
[Date "2023.07.20"]
[Round "8"]
[White "Corominas Garrido, Jordi"]
[Black "Riera Mestres, Josep"]
[Result "1-0"]
[WhiteElo "1706"]
[BlackElo "1501"]
[PlyCount "49"]
[EventDate "2023.07.13"]
[EventType "swiss"]
[EventRounds "9"]
[EventCountry "ESP"]
[SourceTitle "CBM 215 Extra"]
[Source "ChessBase"]
[SourceDate "2023.09.30"]
[SourceVersion "1"]
[SourceVersionDate "2023.09.30"]
[SourceQuality "1"]

1. c4 c5 2. Nc3 g6 3. g3 Bg7 4. Bg2 Nf6 5. Nf3 d6 6. d4 cxd4 7. Nxd4 0-0 8. 0-0 a6 9. e4 Nbd7 10. Be3 h5 11. h3 Kh7 12. Qd2 Ng8 13. f4 e5 14. Nf3 exf4 15. gxf4 Ndf6 16. Rad1 Be6 17. Ng5+ Kh8 18. Nxe6 fxe6 19. Qxd6 Qc8 20. e5 Ne8 21. Qd3 Ne7 22. Na4 Qc7 23. Bb6 Qc8 24. Qe4 Bh6 25. Rd8 1-0

[Event "Barcelona Sant Marti op-B 23rd"]
[Site "Barcelona"]
[Date "2023.07.13"]
[Round "1"]
[White "Cortes Ventura, Joaquim"]
[Black "Riera Mestres, Josep"]
[Result "1-0"]
[WhiteElo "1847"]
[BlackElo "1501"]
[PlyCount "99"]
[EventDate "2023.07.13"]
[EventType "swiss"]
[EventRounds "9"]
[EventCountry "ESP"]
[SourceTitle "CBM 215 Extra"]
[Source "ChessBase"]
[SourceDate "2023.09.30"]
[SourceVersion "1"]
[SourceVersionDate "2023.09.30"]
[SourceQuality "1"]

1. d4 g6 2. c4 d6 3. Nc3 Bg7 4. e4 Nf6 5. f4 e6 6. Nf3 0-0 7. Bd3 Nbd7 8. 0-0 c5 9. d5 a6 10. a4 Re8 11. Qc2 Nb8 12. e5 dxe5 13. fxe5 Ng4 14. Bg5 Qd7 15. Rae1 a5 16. h3 Nh6 17. d6 Nc6 18. Ne4 Nf5 19. Nxc5 Nb4 20. Nxd7 Nxc2 21. Bxc2 Bxd7 22. Bf4 Bh6 23. Bxh6 Nxh6 24. g4 Kg7 25. Ng5 Rf8 26. Be4 Rab8 27. b3 b6 28. Bg2 f5 29. exf6+ Rxf6 30. Rxf6 Kxf6 31. Nxh7+ Kg7 32. Ng5 Kf6 33. Nf3 Nf7 34. Rd1 Rc8 35. h4 Rc6 36. g5+ Kg7 37. Kf2 Rxd6 38. Rxd6 Nxd6 39. Ne5 Be8 40. Bh3 Bf7 41. Nd7 Ne4+ 42. Ke3 Nc5 43. Nxc5 bxc5 44. Ke4 Kf8 45. Ke5 Ke7 46. Bg4 Bg8 47. h5 gxh5 48. Bxh5 Bf7 49. Bxf7 Kxf7 50. g6+ 1-0

[Event "Barcelona Sant Marti op-B 22nd"]
[Site "Barcelona"]
[Date "2022.07.14"]
[Round "2"]
[White "Riera Mestres, Josep"]
[Black "Martinez Perez, Francisco"]
[Result "1/2-1/2"]
[WhiteElo "1487"]
[BlackElo "1249"]
[PlyCount "68"]
[EventDate "2022.07.13"]
[EventType "swiss"]
[EventRounds "9"]
[EventCountry "ESP"]
[SourceTitle "CBM 210 Extra"]
[Source "ChessBase"]
[SourceDate "2022.11.30"]
[SourceVersion "1"]
[SourceVersionDate "2022.11.30"]
[SourceQuality "1"]

1. d4 Nf6 2. Bf4 g6 3. Nf3 Bg7 4. e3 0-0 5. h3 d6 6. c3 Nbd7 7. Be2 c5 8. Bh2 cxd4 9. Nxd4 a6 10. 0-0 Re8 11. Nd2 e5 12. N4f3 Nc5 13. Qc2 b5 14. Rfd1 Bb7 15. Nb3 Qb6 16. Ne1 Rac8 17. Nxc5 Rxc5 18. Bf3 d5 19. Nd3 Rcc8 20. Nxe5 Re7 21. Nd3 d4 22. Bxb7 Rxb7 23. exd4 Qxd4 24. Be5 Qe4 25. Bd4 h5 26. Nb4 Qxc2 27. Nxc2 Re8 28. Re1 Rxe1+ 29. Rxe1 Nd5 30. Kf1 Bxd4 31. Nxd4 Re7 32. h4 Rxe1+ 33. Kxe1 Nf4 34. g3 Nd3+ 1/2-1/2

[Event "Barcelona Sant Marti op-B 22nd"]
[Site "Barcelona"]
[Date "2022.07.13"]
[Round "1"]
[White "Cabot Muntane, Jordi"]
[Black "Riera Mestres, Josep"]
[Result "1-0"]
[WhiteElo "1839"]
[BlackElo "1487"]
[PlyCount "64"]
[EventDate "2022.07.13"]
[EventType "swiss"]
[EventRounds "9"]
[EventCountry "ESP"]
[SourceTitle "CBM 210 Extra"]
[Source "ChessBase"]
[SourceDate "2022.11.30"]
[SourceVersion "1"]
[SourceVersionDate "2022.11.30"]
[SourceQuality "1"]

1. d4 d5 2. Nf3 g6 3. Bf4 Bg7 4. e3 Nf6 5. h3 0-0 6. Bd3 Nbd7 7. Nbd2 e6 8. 0-0 c5 9. c3 b6 10. a4 a5 11. Qe2 Nh5 12. Bh2 f5 13. Rad1 Nhf6 14. c4 Ne4 15. Ne5 Ndf6 16. f3 Ng5 17. Nc6 Qd7 18. cxd5 exd5 19. Bb5 Qe6 20. dxc5 bxc5 21. Nb3 Nd7 22. Nbxa5 Nf6 23. Nb3 Nd7 24. Rxd5 Kh8 25. Qd3 Re8 26. Nxc5 Nxc5 27. Rxc5 Bxb2 28. Be5+ Bxe5 29. Rxe5 Qd7 30. Rxe8+ Qxe8 31. Qd4+ Kg8 32. Qd8 Kf8 1-0

[Event "Moia op 8th"]
[Site "Moia"]
[Date "2019.10.11"]
[Round "2.9"]
[White "Torrabadella Serena, Arnau"]
[Black "Riera Mestres, Josep"]
[Result "1-0"]
[WhiteElo "1520"]
[BlackElo "1572"]
[PlyCount "65"]
[EventDate "2019.09.20"]
[EventType "swiss"]
[EventRounds "8"]
[EventCountry "ESP"]
[SourceTitle "EXT 2024"]
[Source "ChessBase"]
[SourceDate "2023.10.10"]
[SourceVersion "1"]
[SourceVersionDate "2023.10.10"]
[SourceQuality "1"]

1. e4 g6 2. d4 Bg7 3. Nc3 d6 4. Nf3 e6 5. Be3 Nd7 6. Qd2 Ne7 7. 0-0-0 0-0 8. Bh6 a6 9. h4 f5 10. e5 d5 11. h5 Rf7 12. hxg6 Nxg6 13. Ng5 Bxh6 14. Rxh6 Re7 15. Bd3 Ndf8 16. Qe3 Rg7 17. f4 Nh8 18. Rdh1 Nf7 19. Nxf7 Rxf7 20. Ne2 Qe7 21. Ng3 Rg7 22. Nh5 Rf7 23. Nf6+ Kh8 24. Qh3 Bd7 25. g4 b6 26. gxf5 exf5 27. Bxf5 Bxf5 28. Qxf5 c6 29. e6 Rg7 30. Qe5 Ra7 31. Nxh7 Nxh7 32. Rxh7+ Kg8 33. Rh8# 1-0

[Event "Barcelona Sant Marti op-B 21st"]
[Site "Barcelona"]
[Date "2019.07.16"]
[Round "4"]
[White "Pla Carulla, Joaquim"]
[Black "Riera Mestres, Josep"]
[Result "1-0"]
[WhiteElo "1813"]
[BlackElo "1582"]
[PlyCount "75"]
[EventDate "2019.07.13"]
[EventType "swiss"]
[EventRounds "9"]
[EventCountry "ESP"]
[SourceTitle "EXT 2020"]
[Source "ChessBase"]
[SourceDate "2019.10.17"]
[SourceVersion "1"]
[SourceVersionDate "2019.10.17"]
[SourceQuality "1"]

1. d4 d5 2. e3 g6 3. c4 e6 4. Nf3 Bg7 5. Nc3 c6 6. Be2 Nf6 7. Ne5 0-0 8. 0-0 Nbd7 9. f4 a6 10. c5 Ne8 11. Nd3 Ndf6 12. b4 Nc7 13. a4 Bd7 14. Bd2 Rb8 15. a5 Nfe8 16. Qe1 f5 17. g4 fxg4 18. Bxg4 Nf6 19. Be2 Qe7 20. Qg3 Rbc8 21. Ne5 Be8 22. Be1 Nd7 23. Nxd7 Bxd7 24. Rf2 Rf7 25. Rg2 Be8 26. Nd1 Bf6 27. Nf2 Bh4 28. Qh3 Bxf2+ 29. Bxf2 Rg7 30. Bh4 Qf8 31. Bg5 Rf7 32. Kh1 Bd7 33. Bg4 h5 34. Bxh5 Rh7 35. Be7 Qxe7 36. Rxg6+ Kh8 37. Rag1 Be8 38. Rg8# 1-0

[Event "Vall del Tenes op 8th"]
[Site "Vall del Tenes"]
[Date "2019.05.17"]
[Round "3"]
[White "Nicolas Vallellano, Emiliano"]
[Black "Riera Mestres, Josep"]
[Result "1-0"]
[WhiteElo "1789"]
[BlackElo "1580"]
[PlyCount "51"]
[EventDate "2019.04.26"]
[EventType "swiss"]
[EventRounds "8"]
[EventCountry "ESP"]
[SourceTitle "EXT 2020"]
[Source "ChessBase"]
[SourceDate "2019.10.17"]
[SourceVersion "1"]
[SourceVersionDate "2019.10.17"]
[SourceQuality "1"]

1. e4 c5 2. Nf3 g6 3. Bc4 Bg7 4. 0-0 e6 5. Nc3 Ne7 6. d4 cxd4 7. Nxd4 a6 8. Bg5 0-0 9. Kh1 b5 10. Bb3 Bb7 11. Qd3 Nbc6 12. Nxc6 Bxc6 13. Qd6 Re8 14. Rad1 h6 15. Be3 Kh7 16. Qf4 f5 17. Bxe6 fxe4 18. Qg3 Rf8 19. Qh3 Nf5 20. Bxf5 Rxf5 21. Rd6 Qe7 22. Rfd1 Raf8 23. Kg1 Qf7 24. Nxe4 Bxe4 25. Rxd7 Qg8 26. Qxh6# 1-0

[Event "Barcelona Sant Marti op-B 20th"]
[Site "Barcelona"]
[Date "2018.07.18"]
[Round "6"]
[White "Riera Mestres, Josep"]
[Black "Tortosa Moros, Joan"]
[Result "1/2-1/2"]
[WhiteElo "1565"]
[BlackElo "1741"]
[PlyCount "73"]
[EventDate "2018.07.13"]
[EventType "swiss"]
[EventRounds "9"]
[EventCountry "ESP"]
[SourceTitle "EXT 2019"]
[Source "ChessBase"]
[SourceDate "2018.10.10"]
[SourceVersion "1"]
[SourceVersionDate "2018.10.10"]
[SourceQuality "1"]

1. d4 Nf6 2. Nf3 e6 3. Bf4 d5 4. e3 c5 5. Be2 Nc6 6. 0-0 cxd4 7. exd4 Be7 8. c3 0-0 9. Nbd2 Bd7 10. Bd3 Rc8 11. Ne5 h6 12. Ndf3 Ne4 13. Re1 Nxe5 14. Nxe5 Nf6 15. Re3 g5 16. Bg3 h5 17. f3 Nh7 18. Bf2 f5 19. h3 Bd6 20. g3 Bxe5 21. Rxe5 Nf6 22. Qd2 Nh7 23. Kg2 Qf6 24. Bc2 Rf7 25. Qd3 g4 26. h4 gxf3+ 27. Qxf3 Qg6 28. Be3 Nf6 29. Bg5 Ne4 30. Bf4 Rcf8 31. Re1 Kh8 32. Bd1 Nd6 33. Be2 Nc4 34. Bd1 Nxe5 35. Bxe5+ Kg8 36. Qxh5 Qxh5 37. Bxh5 1/2-1/2

[Event "Barcelona Sant Marti op-B 20th"]
[Site "Barcelona"]
[Date "2018.07.17"]
[Round "5"]
[White "Morales Mendizabal, Pere"]
[Black "Riera Mestres, Josep"]
[Result "1/2-1/2"]
[WhiteElo "1742"]
[BlackElo "1565"]
[PlyCount "75"]
[EventDate "2018.07.13"]
[EventType "swiss"]
[EventRounds "9"]
[EventCountry "ESP"]
[SourceTitle "EXT 2019"]
[Source "ChessBase"]
[SourceDate "2018.10.10"]
[SourceVersion "1"]
[SourceVersionDate "2018.10.10"]
[SourceQuality "1"]

1. d4 Nf6 2. f4 g6 3. Nf3 Bg7 4. Nbd2 d6 5. e3 0-0 6. Bd3 c5 7. c3 b6 8. Qe2 a5 9. 0-0 Na6 10. b3 e6 11. Bb2 Bb7 12. Rac1 Nc7 13. c4 Re8 14. e4 cxd4 15. Bxd4 Na6 16. Bb1 Rc8 17. e5 dxe5 18. Bxe5 Re7 19. Ng5 Nc5 20. Rcd1 Rd7 21. Nde4 Bxe4 22. Rxd7 Qxd7 23. Nxe4 Nfxe4 24. Bxg7 Kxg7 25. Rd1 Qc6 26. Qb2+ f6 27. Qd4 Kf7 28. a3 f5 29. b4 axb4 30. axb4 Nb7 31. Bxe4 fxe4 32. Qd7+ Kg8 33. Qxc6 Rxc6 34. Rd7 Nd6 35. b5 Rxc4 36. Rxd6 Kf7 37. Rxb6 e3 38. Kf1 1/2-1/2

[Event "Santa Eulalia Vall del Tenes op 7th"]
[Site "Santa Eulalia de Roncana"]
[Date "2018.04.06"]
[Round "1.11"]
[White "Reyes Menendez, Antonio"]
[Black "Riera Mestres, Josep"]
[Result "1-0"]
[WhiteElo "1837"]
[BlackElo "1539"]
[PlyCount "41"]
[EventDate "2018.04.06"]
[EventType "swiss"]
[EventRounds "8"]
[EventCountry "ESP"]
[SourceTitle "EXT 2024"]
[Source "ChessBase"]
[SourceDate "2023.10.10"]
[SourceVersion "1"]
[SourceVersionDate "2023.10.10"]
[SourceQuality "1"]

1. e4 e5 2. Nf3 Nc6 3. Bb5 Nf6 4. 0-0 d6 5. d4 exd4 6. Nxd4 Bd7 7. Bxc6 bxc6 8. Nc3 Be7 9. h3 0-0 10. b3 h6 11. Bb2 Nh7 12. Qd3 Ng5 13. Rad1 Qc8 14. f4 Ne6 15. Nf5 Bf6 16. Nd5 Qd8 17. Bxf6 gxf6 18. Qg3+ Kh7 19. Qh4 cxd5 20. Qxh6+ Kg8 21. Rd3 1-0

[Event "Moia op 6th"]
[Site "Moia"]
[Date "2017.10.20"]
[Round "4"]
[White "Riera Mestres, Josep"]
[Black "Burset Camps, Guillem"]
[Result "0-1"]
[WhiteElo "1568"]
[BlackElo "1662"]
[PlyCount "94"]
[EventDate "2017.09.22"]
[EventType "swiss"]
[EventRounds "8"]
[EventCountry "ESP"]
[SourceTitle "CBM 189 Extra"]
[Source "ChessBase"]
[SourceDate "2019.06.03"]
[SourceVersion "1"]
[SourceVersionDate "2019.06.03"]
[SourceQuality "1"]

1. d4 d5 2. Bf4 e6 3. Nf3 Nf6 4. e3 c5 5. c3 Be7 6. Bd3 Nc6 7. h3 0-0 8. 0-0 Ne4 9. Nbd2 f5 10. Bh2 b6 11. Ne5 Nxe5 12. Bxe5 Nxd2 13. Qxd2 Bd6 14. f4 Bxe5 15. dxe5 Bb7 16. Be2 Qh4 17. Bf3 Rad8 18. Qf2 Qe7 19. Rfd1 Kh8 20. Rd2 g5 21. g3 gxf4 22. exf4 Ba6 23. Kh2 Rf7 24. Rg1 c4 25. Qe3 Qc5 26. Qd4 Qxd4 27. Rxd4 Bc8 28. Be2 Rfd7 29. Kg2 b5 30. a3 a5 31. Rd2 Ba6 32. g4 d4 33. Rgd1 d3 34. Bf3 Bb7 35. gxf5 Bxf3+ 36. Kxf3 exf5 37. Rg1 Rg7 38. Rg5 Rdg8 39. Rxg7 Rxg7 40. Rf2 h5 41. Ke3 Rg3+ 42. Rf3 h4 43. e6 Kg7 44. Kf2 Kf6 45. Re3 Rxe3 46. Kxe3 Kxe6 47. Kf3 a4 0-1

[Event "Barcelona Sant Marti op-B 19th"]
[Site "Barcelona"]
[Date "2017.07.20"]
[Round "8"]
[White "Riera Mestres, Josep"]
[Black "Valero Recalde, Pablo"]
[Result "1-0"]
[WhiteElo "1579"]
[BlackElo "1730"]
[PlyCount "53"]
[EventDate "2017.07.13"]
[EventType "swiss"]
[EventRounds "9"]
[EventCountry "ESP"]
[SourceTitle "EXT 2018"]
[Source "ChessBase"]
[SourceDate "2017.10.13"]
[SourceVersion "1"]
[SourceVersionDate "2017.10.13"]
[SourceQuality "1"]

1. d4 d5 2. Bf4 Nf6 3. e3 c5 4. c3 Nc6 5. Nd2 e6 6. Ngf3 cxd4 7. exd4 Nh5 8. Be3 Bd6 9. Bd3 Nf4 10. Bf1 0-0 11. Qc2 Bd7 12. h4 Nh5 13. Bd3 f5 14. Nf1 Nf4 15. Bxf4 Bxf4 16. g3 Bd6 17. Qe2 Qa5 18. N1d2 e5 19. Nb3 Qc7 20. 0-0-0 e4 21. Ng5 exd3 22. Qh5 h6 23. Qg6 hxg5 24. hxg5 Be8 25. Qh7+ Kf7 26. Rde1 Rg8 27. Qxf5# 1-0

[Event "Barcelona Sant Marti op-B 19th"]
[Site "Barcelona"]
[Date "2017.07.19"]
[Round "7"]
[White "Codina Blasco, Joan"]
[Black "Riera Mestres, Josep"]
[Result "0-1"]
[WhiteElo "1722"]
[BlackElo "1579"]
[PlyCount "138"]
[EventDate "2017.07.13"]
[EventType "swiss"]
[EventRounds "9"]
[EventCountry "ESP"]
[SourceTitle "EXT 2018"]
[Source "ChessBase"]
[SourceDate "2017.10.13"]
[SourceVersion "1"]
[SourceVersionDate "2017.10.13"]
[SourceQuality "1"]

1. e4 g6 2. d4 Bg7 3. Nc3 d6 4. Nf3 Nf6 5. Be2 0-0 6. Be3 a6 7. Qd2 Ng4 8. Bf4 e5 9. dxe5 dxe5 10. Qxd8 Rxd8 11. Bg3 Nc6 12. h3 Nh6 13. Nd5 Rd7 14. 0-0-0 b5 15. Kb1 f6 16. Rd2 Ne7 17. c4 c6 18. Nxe7+ Rxe7 19. Rhd1 Nf7 20. c5 Kf8 21. Ne1 Ke8 22. Nc2 a5 23. h4 h5 24. f3 Be6 25. Bf2 Rd7 26. Rxd7 Bxd7 27. Ne3 Rd8 28. g4 hxg4 29. fxg4 Ke7 30. h5 gxh5 31. gxh5 Ng5 32. Rg1 Kf7 33. Bd3 Nh3 34. Rf1 Nf4 35. Bc2 Nxh5 36. Bh4 Nf4 37. Bb3+ Be6 38. Bxe6+ Nxe6 39. Ng4 Nf4 40. Bg3 Ke6 41. Bxf4 exf4 42. Rxf4 Rd2 43. Rf5 Re2 44. Nf2 Bh6 45. Rf3 Re1+ 46. Kc2 Rc1+ 47. Kb3 Rxc5 48. Rd3 a4+ 49. Kb4 Bf8 50. Ka5 Rc2 51. Nd1 Rc4 52. Nc3 Bb4+ 53. Kb6 Bxc3 54. bxc3 Ke5 55. a3 Kxe4 56. Rh3 f5 57. Rh6 Rxc3 58. Re6+ Kf3 59. Rxc6 Rxc6+ 60. Kxc6 Ke3 61. Kxb5 f4 62. Kxa4 f3 63. Kb5 f2 64. a4 f1Q+ 65. Kb6 Qb1+ 66. Ka6 Kd4 67. a5 Kc5 68. Ka7 Kb5 69. a6 Qh7+ 0-1

[Event "Barcelona Sant Marti op-B 19th"]
[Site "Barcelona"]
[Date "2017.07.17"]
[Round "5"]
[White "Flemming, Klaus"]
[Black "Riera Mestres, Josep"]
[Result "1/2-1/2"]
[WhiteElo "1766"]
[BlackElo "1579"]
[PlyCount "112"]
[EventDate "2017.07.13"]
[EventType "swiss"]
[EventRounds "9"]
[EventCountry "ESP"]
[SourceTitle "EXT 2018"]
[Source "ChessBase"]
[SourceDate "2017.10.13"]
[SourceVersion "1"]
[SourceVersionDate "2017.10.13"]
[SourceQuality "1"]

1. c4 c5 2. Nc3 g6 3. g3 a6 4. Bg2 Bg7 5. Nf3 Nf6 6. 0-0 0-0 7. d4 cxd4 8. Nxd4 Nc6 9. e4 Qc7 10. Nxc6 dxc6 11. Be3 Be6 12. Qe2 Ng4 13. Bd2 Ne5 14. b3 Rad8 15. Rad1 Rd6 16. Nb1 Rfd8 17. Bb4 Rxd1 18. Rxd1 Bf6 19. h3 Kg7 20. Bc3 h5 21. c5 Qc8 22. Rxd8 Qxd8 23. f4 Qd3 24. Kf2 Qxb1 25. fxe5 Bg5 26. h4 Bh6 27. Bf3 Qc1 28. Bd4 Bg4 29. Qb2 Qxb2+ 30. Bxb2 Bc8 31. Bd4 Be6 32. Be3 Bxe3+ 33. Kxe3 Kf8 34. Be2 Bh3 35. Bc4 Bg4 36. Kf4 Kg7 37. b4 Bd1 38. Ke3 Ba4 39. Kd4 Kf8 40. Kc3 Bd1 41. Kb2 Bf3 42. Ka3 Bxe4 43. Ka4 Ke8 44. Ka5 Bd5 45. Be2 Kd8 46. Kb6 Kc8 47. a4 e6 48. g4 hxg4 49. Bxg4 Be4 50. h5 gxh5 51. Bxh5 Bg6 52. Bf3 Bc2 53. a5 Bd3 54. Bh5 Bg6 55. Be2 Be4 56. Bh5 Bg6 1/2-1/2

[Event "Vall del Tenes op 5th"]
[Site "Vall del Tenes"]
[Date "2016.04.15"]
[Round "2"]
[White "Amat Domenech, Carles"]
[Black "Riera Mestres, Josep"]
[Result "1-0"]
[WhiteElo "1737"]
[BlackElo "1520"]
[PlyCount "82"]
[EventDate "2016.04.08"]
[EventType "swiss"]
[EventRounds "8"]
[EventCountry "ESP"]
[SourceTitle "CBM 172 Extra"]
[Source "ChessBase"]
[SourceDate "2016.06.21"]
[SourceVersion "1"]
[SourceVersionDate "2016.06.21"]
[SourceQuality "1"]

1. e4 g6 2. d4 Bg7 3. Nf3 d6 4. c3 a6 5. Be3 b5 6. a3 Nd7 7. Nbd2 Bb7 8. h3 Ngf6 9. Qc2 0-0 10. Be2 c5 11. Rd1 Rc8 12. Qb1 c4 13. 0-0 e6 14. Bg5 Qb6 15. Rfe1 Rc7 16. Nh2 Qa5 17. Bf3 b4 18. Bxf6 Nxf6 19. axb4 Qb6 20. Qa2 Rfc8 21. Nhf1 d5 22. e5 Ne8 23. Re2 Ra8 24. Qb1 Bc6 25. Ne3 a5 26. bxa5 Rxa5 27. Qc1 Rca7 28. Nb1 Ba4 29. Rde1 Rb7 30. Na3 Nc7 31. Naxc4 dxc4 32. Nxc4 Qa6 33. Nxa5 Rb6 34. b4 Bb5 35. Rb2 h5 36. Qg5 Qc8 37. c4 Be8 38. b5 Kh7 39. Nc6 Qd7 40. Qd8 Rxc6 41. Qxd7 Bxd7 1-0

[Event "Vall del Tenes op 5th"]
[Site "Vall del Tenes"]
[Date "2016.04.08"]
[Round "1"]
[White "Riera Mestres, Josep"]
[Black "Sola Lluch, Miquel"]
[Result "1-0"]
[WhiteElo "1520"]
[BlackElo "1932"]
[PlyCount "100"]
[EventDate "2016.04.08"]
[EventType "swiss"]
[EventRounds "8"]
[EventCountry "ESP"]
[SourceTitle "CBM 172 Extra"]
[Source "ChessBase"]
[SourceDate "2016.06.21"]
[SourceVersion "1"]
[SourceVersionDate "2016.06.21"]
[SourceQuality "1"]

1. d4 Nf6 2. Bf4 d6 3. e3 g6 4. c3 Bg7 5. Nd2 Nbd7 6. h3 c5 7. Ngf3 0-0 8. Bd3 b6 9. 0-0 Bb7 10. Bh2 Re8 11. Qc2 e5 12. dxe5 dxe5 13. Ne4 Qe7 14. Nfd2 Kh8 15. Rad1 Nxe4 16. Bxe4 Nf6 17. Bxb7 Qxb7 18. Nc4 Qc7 19. Rd2 Ng8 20. Rfd1 Re7 21. e4 Rf8 22. Ne3 Qb7 23. f3 Nh6 24. Nc4 f5 25. Nd6 Qc6 26. exf5 Nxf5 27. Nxf5 gxf5 28. Bg3 Qg6 29. Bf2 e4 30. fxe4 fxe4 31. Be3 Be5 32. Rf2 Rg8 33. Bf4 Bg7 34. Rd6 Qh5 35. Qe2 Qh4 36. Qe3 c4 37. Bg5 Qh5 38. Bxe7 Qe5 39. Qg5 e3 40. Re2 Qe4 41. Rd1 h6 42. Qh4 Qg6 43. Bd6 Bf6 44. Qg4 Qf7 45. Qf4 Qg6 46. Be5 Bxe5 47. Qxe5+ Rg7 48. Qxe3 Rf7 49. Rd8+ Kh7 50. Qe4 b5 1-0

[Event "Vall del Tenes op 4th"]
[Site "Santa Eulalia de Roncana"]
[Date "2015.05.29"]
[Round "7"]
[White "Riera Mestres, Josep"]
[Black "Rodriguez Lloret, Ricard"]
[Result "1-0"]
[WhiteElo "1840"]
[BlackElo "1692"]
[PlyCount "52"]
[EventDate "2015.04.10"]
[EventType "swiss"]
[EventRounds "8"]
[EventCountry "ESP"]
[SourceTitle "CBM 166 Extra"]
[Source "ChessBase"]
[SourceDate "2015.06.18"]
[SourceVersion "1"]
[SourceVersionDate "2015.06.18"]
[SourceQuality "1"]

1. d4 d5 2. Bf4 Bf5 3. Nf3 e6 4. e3 Nf6 5. Nbd2 Be7 6. Be2 0-0 7. 0-0 c6 8. Ne5 Nbd7 9. Ndf3 Nxe5 10. Nxe5 Bd6 11. Rc1 b5 12. Nxc6 Qb6 13. Bxd6 Qxc6 14. Bxf8 Rxf8 15. a3 Rc8 16. c3 a6 17. h4 Ne4 18. g4 Qd6 19. gxf5 Nxf2 20. Kxf2 Qh2+ 21. Ke1 exf5 22. Rf4 g6 23. Kd2 Re8 24. Qg1 Qh3 25. Bf1 Rxe3 26. Bxh3 Rxh3 1-0

[Event "Palafrugell Gelpi Memorial 28th"]
[Site "Palafrugell"]
[Date "2015.??.??"]
[Round "5"]
[White "Alarcon Pages, Salvador"]
[Black "Riera Mestres, Josep"]
[Result "1-0"]
[WhiteElo "1948"]
[BlackElo "1773"]
[PlyCount "68"]
[EventDate "2015.09.26"]
[EventType "swiss"]
[EventRounds "9"]
[EventCountry "ESP"]
[SourceTitle "EXT 2017"]
[Source "ChessBase"]
[SourceDate "2016.10.25"]
[SourceVersion "1"]
[SourceVersionDate "2016.10.25"]
[SourceQuality "1"]

1. c4 e5 2. e4 Nf6 3. Nc3 Be7 4. Be2 d6 5. Nf3 c5 6. d3 Nc6 7. 0-0 0-0 8. Nd5 Nxd5 9. cxd5 Nb8 10. h3 Nd7 11. Nh2 Nf6 12. f4 exf4 13. Bxf4 Nd7 14. Ng4 Nf6 15. Rb1 Nxg4 16. Bxg4 Bxg4 17. Qxg4 Bf6 18. b3 Kh8 19. Bd2 Bd4+ 20. Kh1 f6 21. Qe2 Qe8 22. Bf4 Rd8 23. b4 b6 24. bxc5 bxc5 25. Rb7 Rf7 26. Rxf7 Qxf7 27. Rb1 h6 28. Qf3 Qd7 29. Qh5 Qa4 30. Bxh6 gxh6 31. Qxh6+ Kg8 32. Qg6+ Kh8 33. Qh5+ Kg8 34. Rb7 Qd7 1-0

[Event "Palafrugell Gelpi Memorial 28th"]
[Site "Palafrugell"]
[Date "2015.??.??"]
[Round "6"]
[White "Riera Mestres, Josep"]
[Black "Pereira Garcia, Josep Ramon"]
[Result "1/2-1/2"]
[WhiteElo "1773"]
[BlackElo "1898"]
[PlyCount "114"]
[EventDate "2015.09.26"]
[EventType "swiss"]
[EventRounds "9"]
[EventCountry "ESP"]
[SourceTitle "EXT 2017"]
[Source "ChessBase"]
[SourceDate "2016.10.25"]
[SourceVersion "1"]
[SourceVersionDate "2016.10.25"]
[SourceQuality "1"]

1. Nf3 d5 2. d4 Nc6 3. Bf4 Nf6 4. a3 Bg4 5. e3 e6 6. h3 Bh5 7. b4 Bd6 8. Bxd6 Qxd6 9. c4 dxc4 10. Bxc4 0-0 11. Nbd2 e5 12. dxe5 Nxe5 13. Be2 Rad8 14. Nxe5 Bxe2 15. Qxe2 Qxe5 16. 0-0 Qc3 17. Nf3 Rd6 18. Rfc1 Qb3 19. Nd4 Qa4 20. Rxc7 Re8 21. Qc4 Rd7 22. Rc5 Rdd8 23. Qb5 Qxb5 24. Rxb5 b6 25. Rg5 h6 26. Rf5 Rc8 27. b5 Rc5 28. Rxc5 bxc5 29. Nc6 Ra8 30. Rc1 Nd7 31. Rd1 Nb6 32. Ra1 a6 33. bxa6 Rxa6 34. Ne5 f6 35. Nd3 c4 36. Nb4 Ra8 37. Kf1 Kf7 38. Ke2 Ke6 39. Kd2 Na4 40. Kc2 g5 41. g4 f5 42. f3 fxg4 43. hxg4 Ke5 44. Rh1 Rh8 45. Na2 Rf8 46. Rf1 Kd6 47. Nc3 Nxc3 48. Kxc3 Kc5 49. f4 Rd8 50. e4 Rd3+ 51. Kc2 Rxa3 52. fxg5 hxg5 53. Rf5+ Kd4 54. e5 Ra7 55. Kb1 Re7 56. e6 Rxe6 57. Rxg5 Re2 1/2-1/2

[Event "Vall del Tenes op 3rd"]
[Site "Santa Eulalia de Roncana"]
[Date "2014.05.30"]
[Round "6"]
[White "Riera Mestres, Josep"]
[Black "Sola Lluch, Miquel"]
[Result "0-1"]
[WhiteElo "1791"]
[BlackElo "2054"]
[PlyCount "44"]
[EventDate "2014.04.25"]
[EventType "swiss"]
[EventRounds "8"]
[EventCountry "ESP"]
[SourceTitle "CBM 160 Extra"]
[Source "ChessBase"]
[SourceDate "2014.07.01"]
[SourceVersion "1"]
[SourceVersionDate "2014.07.01"]
[SourceQuality "1"]

1. d4 d5 2. Bf4 Nf6 3. Nf3 e6 4. e3 c5 5. c3 Nc6 6. dxc5 Bxc5 7. Nbd2 0-0 8. Nb3 Be7 9. Qc2 Nh5 10. Bg3 Bd7 11. Be2 Rc8 12. Nfd4 Nxg3 13. hxg3 g6 14. f4 e5 15. Nf3 Bf6 16. 0-0-0 Nb4 17. Qd2 Bf5 18. Qe1 Nxa2+ 19. Kd2 Qb6 20. fxe5 Qxb3 21. e4 Rxc3 22. Nd4 Qxb2+ 0-1